Statistics for African Islands

Click here to take the quiz!

General Stats

  • This quiz has been taken 92 times
    (68 since last reset)
  • The average score is 14 of 22

Answer Stats

ClueIsland% Correct
World's fourth largestMadagascar
98%
Formed Tanzania with TanganyikaZanzibar
98%
Dodo was endemic to this islandMauritius
96%
Saint Thomas in PortugueseSão Tomé
95%
Where Napoleon diedSaint Helena
89%
French overseas departmentsRéunion
86%
Largest Canary islandsTenerife
86%
Portuguese autonomous islandMadeira
75%
Largest Canary islandsGran Canaria
73%
French overseas departmentsMayotte
73%
Main island of Cape Verde
(hint: South American capital)
Santiago
71%
Yemeni isle known for Dragon TreesSocotra
70%
Namesake of Italian organized
crime syndicate
Mafia
68%
Where Nelson Mandela was prisonedRobben
66%
Largest Mediterranean island that
belongs to an African country
Djerba
55%
Tiny island that gave its name to
an east African nation
Mozambique
55%
Main island of the ComorosGrande Comore
43%
Far South African island with the
namesake of a Canadian province
Prince Edward
43%
Isle of Equatorial Guinea's capitalBioko
41%
Largest Canary islandsFuerteventura
38%
Most populous of the SeychellesMahé
20%
Largest of South AfricaMarion
9%

Score Distribution

Percentile by Number Answered

Percent of People with Each Score

Your Score History

You have not taken this quiz since the last reset